|
|
|
|
| LEADER |
01000cam a2200265 c 4500 |
| 001 |
34697268X |
| 003 |
DE-627 |
| 005 |
20260324072342.0 |
| 007 |
tu |
| 008 |
020510s2002 gw ||||| 00| ||ger c |
| 015 |
|
|
|a 02,N21,0138
|2 dnb
|
| 015 |
|
|
|a 05,A18,0342
|2 dnb
|
| 016 |
7 |
|
|a 964246821
|2 DE-101
|
| 020 |
|
|
|a 3898611086
|q brosch.
|9 3-89861-108-6
|
| 024 |
3 |
|
|a 9783898611084
|
| 035 |
|
|
|a (DE-627)34697268X
|
| 035 |
|
|
|a (DE-603)104599723
|
| 035 |
|
|
|a (DE-576)099248573
|
| 035 |
|
|
|a (DE-599)GBV34697268X
|
| 035 |
|
|
|a (OCoLC)248441444
|
| 035 |
|
|
|a (OCoLC)50811286
|
| 040 |
|
|
|a DE-627
|b ger
|c DE-627
|e rakwb
|
| 041 |
|
|
|a ger
|
| 044 |
|
|
|c XA-DE
|
| 050 |
|
0 |
|a HF352
|
| 082 |
0 |
|
|a 338.70722
|q BSZ
|
| 082 |
0 |
4 |
|a 300
|
| 084 |
|
|
|a 17
|a 65
|2 sdnb
|
| 084 |
|
|
|a 65
|a 17
|2 sdnb
|
| 084 |
|
|
|a NW 1900
|q BVB
|2 rvk
|0 (DE-625)rvk/131964:
|
| 084 |
|
|
|a LB 85015
|q BVB
|2 rvk
|0 (DE-625)rvk/90601:778
|
| 084 |
|
|
|a QP 140
|q BVB
|2 rvk
|0 (DE-625)rvk/141835:
|
| 084 |
|
|
|a NW 3100
|2 rvk
|0 (DE-625)rvk/132077:
|
| 084 |
|
|
|a QF 500
|2 rvk
|0 (DE-625)rvk/141362:
|
| 084 |
|
|
|a QF 000
|2 rvk
|0 (DE-625)rvk/141304:
|
| 084 |
|
|
|a NW 6000
|2 rvk
|0 (DE-625)rvk/132213:
|
| 084 |
|
|
|a 85.02
|2 bkl
|
| 084 |
|
|
|a 71.02
|2 bkl
|
| 084 |
|
|
|a 15.09
|2 bkl
|
| 245 |
0 |
0 |
|a Kulturalismus, neue Institutionenökonomik oder Theorienvielfalt
|b eine Zwischenbilanz der Unternehmensgeschichte
|c Jan-Otmar Hesse ... (Hg.)
|
| 250 |
|
|
|a 1. Aufl.
|
| 263 |
|
|
|a brosch.
|
| 264 |
|
1 |
|a Essen
|b Klartext-Verl.
|c 2002
|
| 300 |
|
|
|a 320 S
|b graph. Darst
|c 24 cm
|
| 336 |
|
|
|a Text
|b txt
|2 rdacontent
|
| 337 |
|
|
|a ohne Hilfsmittel zu benutzen
|b n
|2 rdamedia
|
| 338 |
|
|
|a Band
|b nc
|2 rdacarrier
|
| 490 |
1 |
|
|a Bochumer Schriften zur Unternehmens- und Industriegeschichte
|v 9
|
| 500 |
|
|
|a Enth. 16 Beitr
|
| 583 |
1 |
|
|a Archivierung prüfen
|c 20240324
|f DE-4165
|z 2
|2 pdager
|
| 650 |
|
7 |
|8 1.1\x
|a Unternehmensgeschichte
|0 (DE-627)091360099
|0 (DE-2867)12046-2
|2 stw
|
| 650 |
|
7 |
|8 1.2\x
|a Entrepreneurship
|0 (DE-627)091396670
|0 (DE-2867)27358-1
|2 stw
|
| 650 |
|
7 |
|8 1.3\x
|a Arbeiter
|0 (DE-627)091347343
|0 (DE-2867)11286-1
|2 stw
|
| 650 |
|
7 |
|8 1.4\x
|a Arbeitsbeziehungen
|0 (DE-627)091347459
|0 (DE-2867)11314-1
|2 stw
|
| 650 |
|
7 |
|8 1.5\x
|a Geschichte
|0 (DE-627)09136311X
|0 (DE-2867)15690-2
|2 stw
|
| 650 |
|
7 |
|8 1.6\x
|a Sozialforschung
|0 (DE-627)091390192
|0 (DE-2867)16554-5
|2 stw
|
| 650 |
|
7 |
|8 1.7\x
|a Theorie
|0 (DE-627)091394902
|0 (DE-2867)19073-6
|2 stw
|
| 650 |
|
7 |
|8 1.8\x
|a Deutschland (bis 1945)
|0 (DE-627)091420334
|0 (DE-2867)16834-6
|2 stw
|
| 650 |
|
7 |
|8 1.9\x
|a Deutschland
|0 (DE-627)091354749
|0 (DE-2867)18012-3
|2 stw
|
| 650 |
|
0 |
|a Business
|x Historiography
|v Congresses
|
| 650 |
|
0 |
|a Entrepreneurship
|x Historiography
|v Congresses
|
| 650 |
0 |
7 |
|0 (DE-588)4026779-9
|0 (DE-627)104791624
|0 (DE-576)208967893
|a Industrie
|2 gnd
|
| 650 |
0 |
7 |
|0 (DE-588)4187041-4
|0 (DE-627)105275182
|0 (DE-576)210043210
|a Unternehmensgeschichte
|g Fach
|2 gnd
|
| 650 |
0 |
7 |
|0 (DE-588)4125671-2
|0 (DE-627)105738379
|0 (DE-576)209578548
|a Kulturgeschichte
|g Fach
|2 gnd
|
| 650 |
0 |
7 |
|0 (DE-588)4061963-1
|0 (DE-627)104665327
|0 (DE-576)209142006
|a Unternehmen
|2 gnd
|
| 650 |
0 |
7 |
|0 (DE-588)4204908-8
|0 (DE-627)105139750
|0 (DE-576)210165383
|a Mikropolitik
|2 gnd
|
| 650 |
0 |
7 |
|0 (DE-588)4077628-1
|0 (DE-627)106079581
|0 (DE-576)209205865
|a Soziologische Theorie
|2 gnd
|
| 655 |
|
7 |
|a Aufsatzsammlung
|0 (DE-588)4143413-4
|0 (DE-627)105605727
|0 (DE-576)209726091
|2 gnd-content
|
| 689 |
0 |
0 |
|D s
|0 (DE-588)4187041-4
|0 (DE-627)105275182
|0 (DE-576)210043210
|a Unternehmensgeschichte
|g Fach
|2 gnd
|
| 689 |
0 |
1 |
|D s
|0 (DE-588)4125671-2
|0 (DE-627)105738379
|0 (DE-576)209578548
|a Kulturgeschichte
|g Fach
|2 gnd
|
| 689 |
0 |
|
|5 DE-101
|
| 689 |
1 |
0 |
|D s
|0 (DE-588)4061963-1
|0 (DE-627)104665327
|0 (DE-576)209142006
|a Unternehmen
|2 gnd
|
| 689 |
1 |
1 |
|D s
|0 (DE-588)4204908-8
|0 (DE-627)105139750
|0 (DE-576)210165383
|a Mikropolitik
|2 gnd
|
| 689 |
1 |
2 |
|D s
|0 (DE-588)4077628-1
|0 (DE-627)106079581
|0 (DE-576)209205865
|a Soziologische Theorie
|2 gnd
|
| 689 |
1 |
|
|5 DE-101
|
| 700 |
1 |
|
|a Hesse, Jan-Otmar
|d 1968-
|e hrsg
|0 (DE-588)12316009X
|0 (DE-627)082382867
|0 (DE-576)184288916
|4 edt
|
| 711 |
2 |
9 |
|a Tagungen. Arbeitskreis für Kritische Unternehmens- und Industriegeschichte (AKKU)
|c Bochum
|d ca. 2001.
|
| 830 |
|
0 |
|a Bochumer Schriften zur Unternehmens- und Industriegeschichte
|v 9
|9 9
|w (DE-627)165677503
|w (DE-576)029068479
|w (DE-600)1161392-0
|x 2749-8107
|7 am
|
| 856 |
4 |
2 |
|u http://www.gbv.de/dms/hbz/toc/ht013406439.pdf
|m V:DE-605
|q pdf/application
|v 2008-11-15
|x Verlag
|y Inhaltsverzeichnis
|3 Inhaltsverzeichnis
|7 1
|
| 856 |
4 |
2 |
|u http://scans.hebis.de/HEBCGI/show.pl?10459972_toc.pdf
|m V:DE-605
|q application/pdf
|3 Inhaltsverzeichnis
|7 1
|
| 912 |
|
|
|a GBV_ILN_11
|
| 912 |
|
|
|a ISIL_DE-1a
|
| 912 |
|
|
|a SYSFLAG_1
|
| 912 |
|
|
|a GBV_KXP
|
| 912 |
|
|
|a SSG-OPC-ANG
|
| 912 |
|
|
|a GBV_ILN_21
|
| 912 |
|
|
|a ISIL_DE-46
|
| 912 |
|
|
|a GBV_ILN_22
|
| 912 |
|
|
|a ISIL_DE-18
|
| 912 |
|
|
|a GBV_ILN_22_i25008
|
| 912 |
|
|
|a GBV_ILN_22_i07603
|
| 912 |
|
|
|a GBV_ILN_24
|
| 912 |
|
|
|a ISIL_DE-8
|
| 912 |
|
|
|a GBV_ILN_26
|
| 912 |
|
|
|a ISIL_DE-206
|
| 912 |
|
|
|a GBV_ILN_31
|
| 912 |
|
|
|a ISIL_DE-27
|
| 912 |
|
|
|a GBV_ILN_39
|
| 912 |
|
|
|a ISIL_DE-547
|
| 912 |
|
|
|a GBV_ILN_40
|
| 912 |
|
|
|a ISIL_DE-7
|
| 912 |
|
|
|a GBV_ILN_40_i148
|
| 912 |
|
|
|a GBV_ILN_49
|
| 912 |
|
|
|a ISIL_DE-Goe164
|
| 912 |
|
|
|a GBV_ILN_60
|
| 912 |
|
|
|a ISIL_DE-705
|
| 912 |
|
|
|a GBV_ILN_65
|
| 912 |
|
|
|a ISIL_DE-3
|
| 912 |
|
|
|a GBV_ILN_65_a018
|
| 912 |
|
|
|a GBV_ILN_72
|
| 912 |
|
|
|a ISIL_DE-35
|
| 912 |
|
|
|a GBV_ILN_203
|
| 912 |
|
|
|a GBV_ILN_203_m35303
|
| 912 |
|
|
|a GBV_ILN_350
|
| 912 |
|
|
|a ISIL_DE-2795
|
| 912 |
|
|
|a GBV_ILN_350_
|
| 912 |
|
|
|a GBV_ILN_694
|
| 912 |
|
|
|a ISIL_DE-Po82
|
| 912 |
|
|
|a GBV_ILN_697
|
| 912 |
|
|
|a ISIL_DE-Y8
|
| 912 |
|
|
|a GBV_ILN_707
|
| 912 |
|
|
|a ISIL_DE-2173
|
| 912 |
|
|
|a GBV_ILN_729
|
| 912 |
|
|
|a GBV_ILN_2005
|
| 912 |
|
|
|a ISIL_DE-291-313
|
| 912 |
|
|
|a GBV_ILN_2006
|
| 912 |
|
|
|a ISIL_DE-14
|
| 912 |
|
|
|a GBV_ILN_2007
|
| 912 |
|
|
|a ISIL_DE-352
|
| 912 |
|
|
|a GBV_ILN_2009
|
| 912 |
|
|
|a ISIL_DE-180
|
| 912 |
|
|
|a GBV_ILN_2011
|
| 912 |
|
|
|a ISIL_DE-16
|
| 912 |
|
|
|a GBV_ILN_2012
|
| 912 |
|
|
|a ISIL_DE-16-32
|
| 912 |
|
|
|a GBV_ILN_2014
|
| 912 |
|
|
|a ISIL_DE-90
|
| 912 |
|
|
|a GBV_ILN_2016
|
| 912 |
|
|
|a ISIL_DE-93-114
|
| 912 |
|
|
|a GBV_ILN_2020
|
| 912 |
|
|
|a ISIL_DE-Ch1
|
| 912 |
|
|
|a GBV_ILN_2026
|
| 912 |
|
|
|a ISIL_DE-100
|
| 912 |
|
|
|a ISIL_DE-100-520
|
| 912 |
|
|
|a GBV_ILN_2030
|
| 912 |
|
|
|a ISIL_DE-77
|
| 912 |
|
|
|a GBV_ILN_2035
|
| 912 |
|
|
|a ISIL_DE-Sp3
|
| 935 |
|
|
|a BGTS
|
| 935 |
|
|
|i Blocktest
|
| 936 |
r |
v |
|a NW 1900
|b Neuere Wirtschafts- und Gesellschaftsauffassungen (Liberalismus, Marxismus usw.)
|k Geschichte
|k Wirtschafts- und Sozialgeschichte
|k Ideengeschichte
|k Neuzeitliche Wirtschafts- und Gesellschaftsauffassungen
|k Neuere Wirtschafts- und Gesellschaftsauffassungen (Liberalismus, Marxismus usw.)
|0 (DE-627)1271486733
|0 (DE-625)rvk/131964:
|0 (DE-576)201486733
|
| 936 |
r |
v |
|a LB 85015
|b Deutschland insgesamt
|k Sozial- und Kulturanthropologie. Empirische Kulturwissenschaft
|k Materielle Kultur und Wirtschaftsethnologie
|k Wirtschaft - Allgemeines, Theoretisches, Zusammenfassendes
|k Europa
|k Mitteleuropa
|k Deutschland
|k Deutschland insgesamt
|0 (DE-627)1271994704
|0 (DE-625)rvk/90601:778
|0 (DE-576)201994704
|
| 936 |
r |
v |
|a QP 140
|b Tagungsberichte vermischten Inhalts. Betriebswirtschaftliche Aufsatzsammlungen vermischten Inhalts
|k Wirtschaftswissenschaften
|k Allgemeine Betriebswirtschaftslehre
|k Gegenstand, Methoden und Gesamtdarstellungen
|k Tagungsberichte vermischten Inhalts. Betriebswirtschaftliche Aufsatzsammlungen vermischten Inhalts
|0 (DE-627)1271496607
|0 (DE-625)rvk/141835:
|0 (DE-576)201496607
|
| 936 |
r |
v |
|a NW 3100
|b Gewerbliche Produktion
|k Geschichte
|k Wirtschafts- und Sozialgeschichte
|k Spezielle Wirtschaftsgeschichte
|k Geschichte der materiellen Produktion
|k Gewerbliche Produktion
|0 (DE-627)1270917617
|0 (DE-625)rvk/132077:
|0 (DE-576)200917617
|
| 936 |
r |
v |
|a QF 500
|b Allgemeines
|k Wirtschaftswissenschaften
|k Wirtschafts- und Sozialgeschichte
|k Industrielle Revolution (1750-1914)
|k Allgemeines
|0 (DE-627)1271676737
|0 (DE-625)rvk/141362:
|0 (DE-576)201676737
|
| 936 |
r |
v |
|a QF 000
|b Allgemeines
|k Wirtschaftswissenschaften
|k Wirtschafts- und Sozialgeschichte
|k Allgemeines
|0 (DE-627)1271513730
|0 (DE-625)rvk/141304:
|0 (DE-576)201513730
|
| 936 |
r |
v |
|a NW 6000
|b Konzernunternehmen heterogener Art
|k Geschichte
|k Wirtschafts- und Sozialgeschichte
|k Spezielle Wirtschaftsgeschichte
|k Firmengeschichte
|k Konzernunternehmen heterogener Art
|0 (DE-627)1271537524
|0 (DE-625)rvk/132213:
|0 (DE-576)201537524
|
| 936 |
b |
k |
|a 85.02
|j Philosophie und Theorie der Betriebswirtschaft
|0 (DE-627)106410482
|
| 936 |
b |
k |
|a 71.02
|j Theorie der Soziologie
|0 (DE-627)106416189
|
| 936 |
b |
k |
|a 15.09
|j Wirtschaftsgeschichte
|0 (DE-627)181569663
|
| 936 |
s |
n |
|a n100
|2 mzub
|
| 936 |
s |
n |
|a q100
|2 mzub
|
| 936 |
s |
n |
|a m200
|2 mzub
|
| 951 |
|
|
|a BO
|
| 953 |
|
|
|2 045F
|a 338.70722
|u https://www.gbv.de/dms/ddc/338.70722.pdf
|
| 980 |
|
|
|2 11
|1 01
|x 0001
|b 57763349X
|c 00
|f 2
|d 1 A 473767
|e u
|j --%%--
|y k
|z 11-11-02
|
| 980 |
|
|
|2 21
|1 01
|x 0046
|b 800172043
|c 00
|f TB Wirtschaft
|d 34 Kul 2 (2002)
|e u
|j --%%--
|h Aufsätze
|y zww
|z 09-11-06
|
| 980 |
|
|
|2 22
|1 01
|x 0018
|b 694398837
|c 00
|f H250
|d I Fc 80
|e i
|j --%%--
|y zi25008
|z 19-01-05
|
| 980 |
|
|
|2 22
|1 02
|x 0018
|b 721440592
|c 00
|f SUB
|d A 2005/8821
|e u
|j --%%--
|y zu
|z 01-08-05
|
| 980 |
|
|
|2 22
|1 03
|x 0018
|b 801501040
|c 00
|f 18/76-m
|d IV Eh 224
|e i
|j --%%--
|y zi07603
|z 22-11-06
|
| 980 |
|
|
|2 24
|1 01
|x 0008
|b 727530216
|c 00
|f 10 gsb 20
|d Bd 4873
|e u
|j --%%--
|h hb
|y zz1
|z 06-07-05
|
| 980 |
|
|
|2 26
|1 01
|x 0206
|b 557403804
|c 00
|f K:
|d B 323750
|e u
|j --%%--
|k Aufs. teilw. erfasst
|y z1k
|z 17-09-02
|
| 980 |
|
|
|2 31
|1 01
|x 0027
|b 899204910
|c 00
|f J 23
|d HIS:SM:660:::2002
|e d
|j --%%--
|y z
|z 21-11-08
|
| 980 |
|
|
|2 39
|1 01
|x 0547
|b 682409405
|c 00
|f LS
|d NW 2050 H587
|e b
|j --%%--
|y zet3
|z 02-02-05
|
| 980 |
|
|
|2 40
|1 03
|x 7/148
|b 57476044X
|c 00
|f BBWISO
|d 16 : D 1050 Kul
|e i
|j --%%--
|y ki148
|z 17-10-02
|
| 980 |
|
|
|2 40
|1 04
|x 7/148
|b 436833373X
|c 00
|f BBWISO
|d 16 : D 1050 Kul
|e i
|j --%%--
|y ki148
|z 21-08-23
|
| 980 |
|
|
|2 49
|1 01
|x 3049
|b 657134406
|c 00
|f SUB
|d QF 000 Hess 2002
|e u
|j --%%--
|y ki164
|z 27-07-04
|
| 980 |
|
|
|2 60
|1 01
|x 0705
|b 646671723
|c 00
|f PAE
|d HIS 829:YC0002
|e u
|j --%%--
|y z
|z 26-05-04
|
| 980 |
|
|
|2 65
|1 01
|x 3/18
|b 644099089
|c 00
|f Ha 18-18
|d G Ws IV 1682
|e u
|j --%%--
|y ka018
|z 03-05-04
|
| 980 |
|
|
|2 72
|1 01
|x 0035
|b 559203667
|c 00
|f ZEN
|d 2003/568
|e u
|j --%%--
|y kz
|z 27-01-03
|
| 980 |
|
|
|2 203
|1 01
|x 3522
|b 839176848
|c 00
|f H353
|d Wir3.1-19
|e i
|j --%%--
|y zm35303
|z 10-10-07
|
| 980 |
|
|
|2 350
|1 01
|x 8293
|b 1716212650
|c 00
|f MAG3
|d Nb 3131
|e i
|j --%%--
|y z
|z 19-10-17
|
| 980 |
|
|
|2 694
|1 01
|x 4694
|b 1542084865
|c 00
|f --%%--
|d ZZF 18342
|e c
|j --%%--
|y n
|z 20-01-15
|
| 980 |
|
|
|2 697
|1 01
|x 4697
|b 147587328X
|c 00
|f MA
|d HF 352 .K85 2002
|e u
|j --%%--
|y z
|z 14-05-14
|
| 980 |
|
|
|2 707
|1 01
|x 4707
|b 1509664254
|c 00
|f frh
|d 2002/1553+6GE2
|e u
|j --%%--
|y z
|z 05-11-14
|
| 980 |
|
|
|2 729
|1 01
|x 4729
|b 171722959X
|c 00
|f ZZ
|d 21/0073
|e u
|j --%%--
|h ZZ
|y n
|z 20-05-08
|
| 980 |
|
|
|2 2005
|1 01
|x DE-291-313
|b 3263179632
|c 00
|f WiSo
|d A9 30/111
|e p
|j --%%--
|y l01
|z 10-03-03
|
| 980 |
|
|
|2 2006
|1 01
|x DE-14
|b 3263179721
|c 00
|f --%%--
|d --%%--
|e --%%--
|j --%%--
|y l01
|z 21-10-03
|
| 980 |
|
|
|2 2007
|1 01
|x DE-352
|b 3263179802
|c 00
|f --%%--
|d wrp 20:k/h28
|e --%%--
|j --%%--
|y l01
|z 24-03-03
|
| 980 |
|
|
|2 2009
|1 03
|x DE-180
|b 3263179985
|c 00
|f MAG05
|d 2002 A 5917
|e --%%--
|j l
|y l01
|z 28-03-16
|
| 980 |
|
|
|2 2011
|1 01
|x DE-16
|b 3263180096
|c 00
|f --%%--
|d 2002 A 10568
|e --%%--
|j --%%--
|y l01
|z 04-10-02
|
| 980 |
|
|
|2 2012
|1 01
|x DE-16-32
|b 3263180185
|c 00
|f --%%--
|d S Lex 46
|e p
|j --%%--
|y l01
|z 21-04-09
|
| 980 |
|
|
|2 2014
|1 01
|x DE-90
|b 3263180258
|c 00
|f --%%--
|d 2005 A 9168
|e --%%--
|j --%%--
|y l01
|z 09-09-05
|
| 980 |
|
|
|2 2016
|1 01
|x DE-93-114
|b 3263180363
|c 00
|f --%%--
|d Po 7000
|e p
|j --%%--
|k Acc.2007/869
|y l01
|z 19-07-07
|
| 980 |
|
|
|2 2020
|1 01
|x DE-Ch1
|b 3263180460
|c 00
|f --%%--
|d --%%--
|e --%%--
|j --%%--
|y l01
|z 21-07-03
|
| 980 |
|
|
|2 2026
|1 01
|x DE-100
|b 3263180568
|c 00
|f 31
|d 5080/88
|e --%%--
|j --%%--
|y l01
|z 11-06-02
|
| 980 |
|
|
|2 2026
|1 02
|x DE-100-520
|b 3263180576
|c 00
|f 520J
|d 5080/308
|e p
|j n
|y l01
|z 18-12-02
|
| 980 |
|
|
|2 2030
|1 01
|x DE-77
|b 4883457575
|c 00
|f --%%--
|d 227.042
|e --%%--
|j l
|y l01
|z 24-01-03
|
| 980 |
|
|
|2 2035
|1 01
|x DE-Sp3
|b 3263180665
|c 00
|f --%%--
|d --%%--
|e p
|j --%%--
|y l01
|z 09-08-05
|
| 982 |
|
|
|2 203
|1 01
|x 3522
|8 00
|s s
|a Sozialwissenschaft
|
| 982 |
|
|
|2 203
|1 01
|x 3522
|8 01
|s s
|a Unternehmen
|
| 982 |
|
|
|2 203
|1 01
|x 3522
|8 02
|s s
|a Wirtschaftsgeschichte
|
| 982 |
|
|
|2 203
|1 01
|x 3522
|8 03
|s z
|a Geschichte
|
| 982 |
|
|
|2 694
|1 00
|x DE-Po82
|8 00
|a Unternehmensgeschichte <Fach>
|
| 982 |
|
|
|2 694
|1 00
|x DE-Po82
|8 01
|a Kulturgeschichte <Fach>
|
| 982 |
|
|
|2 694
|1 00
|x DE-Po82
|8 02
|a Unternehmen
|
| 982 |
|
|
|2 694
|1 00
|x DE-Po82
|8 03
|a Mikropolitik
|
| 982 |
|
|
|2 694
|1 00
|x DE-Po82
|8 04
|a Soziologische Theorie
|
| 982 |
|
|
|2 707
|1 00
|x DE-2173
|8 00
|a Unternehmensgeschichte
|
| 982 |
|
|
|2 707
|1 00
|x DE-2173
|8 00
|a Arbeitsbeziehungen
|
| 982 |
|
|
|2 707
|1 00
|x DE-2173
|8 00
|a Unternehmer
|
| 982 |
|
|
|2 707
|1 00
|x DE-2173
|8 00
|a Arbeiter
|
| 982 |
|
|
|2 707
|1 00
|x DE-2173
|8 00
|a Sozialforschung
|
| 982 |
|
|
|2 707
|1 00
|x DE-2173
|8 00
|a Deutschland
|
| 982 |
|
|
|2 707
|1 00
|x DE-2173
|8 00
|a Japan
|
| 982 |
|
|
|2 729
|1 01
|x 4729
|8 00
|a Unternehmensgeschichte <Fach>
|
| 982 |
|
|
|2 729
|1 01
|x 4729
|8 01
|a Kulturgeschichte <Fach>
|
| 982 |
|
|
|2 729
|1 01
|x 4729
|8 02
|a Unternehmen
|
| 982 |
|
|
|2 729
|1 01
|x 4729
|8 03
|a Mikropolitik
|
| 982 |
|
|
|2 729
|1 01
|x 4729
|8 04
|a Soziologische Theorie
|
| 982 |
|
|
|2 729
|1 01
|x 4729
|8 05
|a Arbeitskreis für kritische Unternehmensgeschichte
|
| 982 |
|
|
|2 729
|1 01
|x 4729
|8 06
|a Aufsatzsammlung
|
| 983 |
|
|
|2 21
|1 00
|x DE-46
|8 10
|a 34
|
| 983 |
|
|
|2 24
|1 01
|x 0008
|8 50
|0 (DE-627)057924414
|a gsb 020.40
|b Geschichtstheorie
|
| 983 |
|
|
|2 24
|1 01
|x 0008
|8 51
|0 (DE-627)057924635
|a gsb 084
|b Geschichtswissenschaft
|b Methode
|
| 983 |
|
|
|2 24
|1 01
|x 0008
|8 70
|0 (DE-627)057924406
|a gsb 020
|b Geschichtstheorie
|
| 983 |
|
|
|2 39
|1 00
|x DE-547
|8 00
|a NW 2050
|
| 983 |
|
|
|2 60
|1 00
|x DE-705
|8 04
|a HIS 829
|
| 983 |
|
|
|2 707
|1 00
|x DE-2173
|8 00
|a 6GE2
|
| 983 |
|
|
|2 707
|1 00
|x DE-2173
|8 00
|a 2UF5
|
| 983 |
|
|
|2 707
|1 00
|x DE-2173
|8 00
|a 6GE1
|
| 983 |
|
|
|2 707
|1 00
|x DE-2173
|8 10
|a Geschichte
|
| 983 |
|
|
|2 707
|1 00
|x DE-2173
|8 10
|a Unternehmensführung und Organisation
|
| 983 |
|
|
|2 729
|1 01
|x 4729
|8 00
|a Soz.1.1.2.
|
| 983 |
|
|
|2 729
|1 01
|x 4729
|8 01
|a Soz.1.2.1.
|
| 983 |
|
|
|2 729
|1 01
|x 4729
|8 01
|a Forschungsmethoden und einzelne Bereiche und Aspekte ; Theoretische Ansätze der Soziologie und Politologie ; Übergreifende Darstellungen und Forschungsmethoden
|
| 983 |
|
|
|2 729
|1 01
|x 4729
|8 02
|a Soz.1.3.1.
|
| 983 |
|
|
|2 2012
|1 01
|x DE-16-32
|8 00
|a S Lev
|
| 983 |
|
|
|2 2026
|1 01
|x DE-100
|8 00
|0 (DE-627)1295107775
|a 5080
|
| 984 |
|
|
|2 11
|1 01
|x 0001
|a 137666564010
|
| 984 |
|
|
|2 21
|1 01
|x 0046
|a 46$0201031264
|
| 984 |
|
|
|2 22
|1 02
|x 0018
|a 932882794
|
| 984 |
|
|
|2 22
|1 03
|x 0018
|a 085588295
|
| 984 |
|
|
|2 24
|1 01
|x 0008
|a 8$0011343834
|
| 984 |
|
|
|2 31
|1 01
|x 0027
|a 27$022824774
|
| 984 |
|
|
|2 39
|1 01
|x 0547
|a 547$011532661
|
| 984 |
|
|
|2 40
|1 03
|x 7/148
|a 7/148$0278436X
|
| 984 |
|
|
|2 40
|1 04
|x 7/148
|a 7$238844072
|
| 984 |
|
|
|2 49
|1 01
|x 3049
|a 3049$00265349
|
| 984 |
|
|
|2 60
|1 01
|x 0705
|a 705/0$23129425
|
| 984 |
|
|
|2 65
|1 01
|x 3/18
|a 3/18$000344109
|
| 984 |
|
|
|2 72
|1 01
|x 0035
|a 35$033519560
|
| 984 |
|
|
|2 350
|1 01
|x 8293
|a 8293000562063
|
| 984 |
|
|
|2 694
|1 01
|x 4694
|a 469412358923
|
| 984 |
|
|
|2 707
|1 01
|x 4707
|a 10041029
|
| 984 |
|
|
|2 2012
|1 01
|x DE-16-32
|a 311399104
|
| 985 |
|
|
|2 21
|1 01
|x 0046
|a 06:1432
|
| 985 |
|
|
|2 22
|1 01
|x 0018
|a 1271/05
|
| 985 |
|
|
|2 22
|1 03
|x 0018
|a 2006/233
|
| 985 |
|
|
|2 31
|1 01
|x 0027
|a U 141684
|
| 985 |
|
|
|2 39
|1 01
|x 0547
|a 2004033869
|
| 985 |
|
|
|2 40
|1 03
|x 7/148
|a 02/2367
|
| 985 |
|
|
|2 40
|1 04
|x 7/148
|a wiso2023/0836
|
| 985 |
|
|
|2 49
|1 01
|x 3049
|a 2004.1207
|
| 985 |
|
|
|2 60
|1 01
|x 0705
|a 2004 03341
|
| 985 |
|
|
|2 65
|1 01
|x 3/18
|a 18G/2004/00534
|
| 985 |
|
|
|2 72
|1 01
|x 0035
|a 2002.5965
|
| 985 |
|
|
|2 203
|1 01
|x 3522
|a B2007/916
|
| 985 |
|
|
|2 350
|1 01
|x 8293
|a 2017/1581
|
| 985 |
|
|
|2 697
|1 01
|x 4697
|a 2008/1252
|
| 985 |
|
|
|2 707
|1 01
|x 4707
|a 2002/1553+6GE2
|
| 985 |
|
|
|2 729
|1 01
|x 4729
|a 21/73
|
| 985 |
|
|
|2 2005
|1 01
|x DE-291-313
|a 2003-256
|
| 985 |
|
|
|2 2026
|1 02
|x DE-100-520
|a 570A 2002/150
|
| 995 |
|
|
|2 21
|1 01
|x 0046
|a Aufsätze
|
| 995 |
|
|
|2 24
|1 01
|x 0008
|a hb
|
| 995 |
|
|
|2 729
|1 01
|x 4729
|a ZZ
|
| 998 |
|
|
|2 31
|1 01
|x 0027
|a HIS 200811
|
| 998 |
|
|
|2 40
|1 04
|x 7/148
|0 2023-08
|